000 00899nam a2200277 a 4500
001 9748
003 CO-ViMGA
008 141112s2004 ck r 000 u spa d
020 _a958020655
040 _aCO-ViMGA
_bspa
_cCO-ViMGA
082 0 4 _a370.115 A816 V.11
100 1 _aGuerrero V. ; Manuel,
_911452
245 1 0 _aValores Humanos 11 :
_bConstitucionalismo, Pedagogía Electoral, Instituciones Políticas, ética
260 _aSantafé de Bogotá :
_bVoluntad S.A,
_c1992
300 _a108p. : il color
490 _aEducación Básica Secundaria
505 _aValores humanos 11
650 1 4 _aCULTURALES
_911453
650 1 4 _aDERECHO A LA PROPIEDAD PRIVADA
_911454
650 1 4 _aDERECHOS SOCIALES
_911455
650 1 4 _aEconomía
_911456
650 1 4 _aFORMAS DE PARTICIPACION POPULAR
_911457
650 1 4 _aIMPUESTOS
_955167
650 1 4 _aNOTARIADO Y REGISTRO
_911458
942 _2ddc
_cBK
999 _c21185
_d21185